=LDR 00000nam 2200000 4500 =001 INLIS000000000026359 =005 20130612124815 =008 ***********************************ind** =035 ##$$0010-061300000026359 =041 ##$$a ind =082 ##$$a 303.6 =090 ##$$a 303.6, RUS p =100 ##$$a Russell, Bertrand =245 ##$$a Perjumpaan sains-agama dan cita-cita politik, Bertrand Russell =260 ##$$a 2005 $b Jakarta =300 ##$$a 395 hlm., 21 cm =650 ##$$a Konflik Sosial =850 ##$$a NBPNMAT